[Event "4NCL Division Four"]
[Site "Daventry, ENG"]
[Date "2023.03.26"]
[Round "8.133"]
[White "Blair, Jimmy"]
[Black "Hunter, Gary"]
[Result "0-1"]
[WhiteElo "1498"]
[BlackElo "1546"]
[PlyCount "90"]
[EventDate "2023.03.26"]
[WhiteTeam "War and Piece B"]
[BlackTeam "Deaf England"]

1. e4 d6 2. Nf3 e5 3. Bc4 h6 4. Nc3 c6 5. d4 b5 6. Bb3 Qc7 7. d5 b4 8. Ne2 Nf6
9. Ng3 Ba6 10. Be3 Nbd7 11. dxc6 Qxc6 12. Bd5 Nxd5 13. Qxd5 Qxd5 14. exd5 Nf6
15. O-O-O Bc4 16. b3 Bxd5 17. Nf5 g6 18. Ng3 a5 19. Rxd5 Nxd5 20. Ne4 Nxe3 21.
fxe3 f5 22. Nf6+ Kf7 23. Nd5 Ra6 24. Nh4 a4 25. Nxb4 Rb6 26. Nd5 Rb7 27. b4 e4
28. Rf1 Rg8 29. g4 Be7 30. Nxe7 Kxe7 31. gxf5 g5 32. Ng6+ Kf6 33. a3 Rb5 34.
Rd1 Rxf5 35. Rxd6+ Kf7 36. Nh4 gxh4 37. Rxh6 Rf1+ 38. Kb2 Rf2 39. Rh7+ Kg6 40.
Rc7 Rxh2 41. b5 Rb8 42. Rc5 Re2 43. Rc6+ Kf5 44. b6 Rxe3 45. c4 Rb3+ 0-1

[Event "4NCL Division Four"]
[Site "Daventry, ENG"]
[Date "2023.03.26"]
[Round "8.134"]
[White "Williamson, Chris"]
[Black "Nawalaniec, Leszek"]
[Result "0-1"]
[WhiteElo "1438"]
[BlackElo "1480"]
[PlyCount "142"]
[EventDate "2023.03.26"]
[WhiteTeam "Deaf England"]
[BlackTeam "War and Piece B"]

1. e4 e5 2. Nf3 Nf6 {[%emt 0:00:05]} 3. Bc4 d6 4. h3 Be7 5. Nc3 Nc6 6. d3 O-O
7. Bd2 Be6 8. Nd5 a5 9. a3 a4 10. b4 axb3 11. Bxb3 Na5 12. Ba2 c6 13. Nxf6+
Bxf6 14. c4 c5 15. Bc3 Nc6 16. Bb3 Qd7 17. Bd2 Bd8 18. a4 f5 19. exf5 Bxf5 20.
Bg5 Ba5+ 21. Bd2 Nb4 22. Bxb4 Bxb4+ 23. Ke2 b6 24. Nh4 Be6 25. Kf1 Rf6 26. Nf3
Raf8 27. Ra2 Qf7 28. Qe2 Bd7 29. Qe4 Bf5 30. Qe2 Bd7 31. Qe4 Bf5 32. Qe3 Qb7
33. Bd1 Bd7 34. Rh2 Ra8 35. Ng5 Bc6 36. Ne4 Bxe4 37. dxe4 Rf4 38. Bf3 Qc6 39.
g3 Rf7 40. Bg4 Kh8 41. Be6 Rff8 42. Bd5 Qd7 43. Bxa8 Rxa8 44. Qd3 Qe6 45. f4
exf4 46. gxf4 Rf8 47. f5 g6 48. Raf2 gxf5 49. Rf4 Qe8 50. Qd5 Bc3 51. Re2 Qh5
52. Re3 Bd4 53. Qxd6 Qd1+ 54. Re1 Qd3+ 55. Re2 Qd1+ 56. Re1 Qd3+ 57. Re2 Rg8
58. Rff2 Rg1+ 59. Kxg1 Bxf2+ 60. Rxf2 Qxd6 61. exf5 Qg3+ 62. Kf1 Qxh3+ 63. Ke2
Qg4+ 64. Ke1 Qe4+ 65. Kd2 Qd4+ 66. Ke1 Qxc4 67. f6 Qxa4 68. f7 Qa1+ 69. Ke2
Qb2+ 70. Kf1 Qxf2+ 71. Kxf2 Kg7 0-1

[Event "4NCL Division Four"]
[Site "Daventry, ENG"]
[Date "2023.03.26"]
[Round "8.135"]
[White "Knipe, Matthew"]
[Black "Paull, James"]
[Result "0-1"]
[WhiteElo "1400"]
[BlackElo "1413"]
[PlyCount "108"]
[EventDate "2023.03.26"]
[WhiteTeam "War and Piece B"]
[BlackTeam "Deaf England"]

1. e4 c5 2. b3 Nc6 3. Bb2 e6 4. Bb5 a6 5. Bxc6 bxc6 6. Nf3 Nf6 7. Qe2 Be7 8.
O-O O-O 9. d3 d6 10. Nc3 e5 11. h3 Nh5 12. Qd2 Be6 13. Ne2 Qd7 14. Ng5 h6 15.
Nxe6 Qxe6 16. f4 exf4 17. Nxf4 Nxf4 18. Qxf4 Bg5 19. Qg3 Qg6 20. Rf5 Bf6 21.
Qxg6 fxg6 22. Rxf6 gxf6 23. Rf1 f5 24. e5 dxe5 25. Ba3 Rfe8 26. Bxc5 e4 27. d4
e3 28. Re1 f4 29. Kf1 Re6 30. Ke2 Rae8 31. Rf1 Rf6 32. c4 g5 33. a4 Kf7 34. b4
Kg6 35. b5 cxb5 36. cxb5 axb5 37. axb5 Ra8 38. b6 Rf7 39. Rb1 Ra2+ 40. Kd3 Rb7
41. Rg1 Rd2+ 42. Kc3 h5 43. Kc4 Kf5 44. Kd5 e2 45. Re1 g4 46. hxg4+ hxg4 47.
Kc6 Rg7 48. b7 Rb2 49. Bb6 Rg6+ 50. Kc7 Rgxb6 51. d5 Rxb7+ 52. Kc6 R7b3 53. d6
Rd3 54. d7 Rbd2 0-1

[Event "4NCL Division Four"]
[Site "Daventry, ENG"]
[Date "2023.03.26"]
[Round "8.136"]
[White "Lane, Clifford"]
[Black "Bradley, Eric"]
[Result "1-0"]
[WhiteElo "1300"]
[BlackElo "1229"]
[PlyCount "119"]
[EventDate "2023.03.26"]
[WhiteTeam "Deaf England"]
[BlackTeam "War and Piece B"]

1. e4 d6 2. Nf3 Nd7 3. Bc4 e6 4. d3 h6 5. O-O Ngf6 6. Nc3 c6 7. Re1 e5 8. d4
Qc7 9. d5 Be7 10. h3 g5 11. Nh2 Nf8 12. Be2 Ng6 13. Ng4 Bd7 14. Nxf6+ Bxf6 15.
Bg4 O-O-O 16. Be3 Kb8 17. g3 Qc8 18. Qf3 Bxg4 19. hxg4 Nf4 20. gxf4 exf4 21.
Bd2 Rh7 22. Kg2 Rdh8 23. Rh1 Qg8 24. Rh5 c5 25. Rb1 Be5 26. Nb5 Qd8 27. Bc3 a6
28. Bxe5 dxe5 29. Na3 b5 30. b3 Qa5 31. Nc4 bxc4 32. bxc4+ Ka7 33. Qb3 f6 34.
a3 Qc7 35. d6 Qxd6 36. Rxh6 Qc7 37. Rxh7 Rxh7 38. Rd1 Rd7 39. Rxd7 Qxd7 40. Qd3
Qc6 41. Kf3 a5 42. Qd5 Qxd5 43. exd5 Kb7 44. Ke4 Kc7 45. Kf5 e4 46. Kxe4 Kd6
47. c3 a4 48. f3 Ke7 49. Kf5 Kf7 50. d6 Ke8 51. Kxf6 Kd7 52. Kxg5 Kxd6 53. Kxf4
Ke6 54. g5 Kf7 55. Ke5 Kf8 56. f4 Kf7 57. f5 Kf8 58. Ke6 Kg7 59. Ke7 Kg8 60. f6
1-0

[Event "4NCL Division Four"]
[Site "Daventry, ENG"]
[Date "2023.03.26"]
[Round "8.141"]
[White "Wabuti, Rose"]
[Black "Gaffney, Samuel"]
[Result "0-1"]
[WhiteElo "1620"]
[BlackElo "1837"]
[PlyCount "58"]
[EventDate "2023.03.26"]
[WhiteTeam "She Plays To Win Uni"]
[BlackTeam "Iceni 3"]

1. Nf3 Nf6 2. g3 d5 3. d4 e6 4. Bg2 Be7 5. O-O O-O 6. c4 c6 7. Nc3 b6 8. a3 Bb7
9. Ne5 c5 10. dxc5 Bxc5 11. cxd5 exd5 12. Qb3 Ne4 13. Nxe4 dxe4 14. Bf4 Qe7 15.
Rad1 g5 16. Qc4 gxf4 17. Bxe4 Bxe4 18. Qxe4 Nc6 19. Qxc6 Qxe5 20. b4 Be7 21.
Rd7 fxg3 22. hxg3 Bf6 23. Kg2 Bh8 24. Rh1 Qxe2 25. Rh4 Bg7 26. Rxf7 Kxf7 27.
Qd5+ Qe6 28. Rf4+ Bf6 29. Qh5+ Kg7 0-1

[Event "4NCL Division Four"]
[Site "Daventry, ENG"]
[Date "2023.03.26"]
[Round "8.142"]
[White "Donaghay, Richard H"]
[Black "Ivanov, Elizabeth"]
[Result "0-1"]
[WhiteElo "1815"]
[BlackElo "1592"]
[PlyCount "40"]
[EventDate "2023.03.26"]
[WhiteTeam "Iceni 3"]
[BlackTeam "She Plays To Win Uni"]

1. e4 e5 2. Nc3 Nc6 3. Bc4 Nf6 4. d3 h6 5. f4 Bc5 6. h3 d6 7. Na4 Nxe4 8. dxe4
Qh4+ 9. Kd2 Qxf4+ 10. Kd3 Nb4+ 11. Kc3 Qxe4 12. Nxc5 dxc5 13. Qe2 Qd4+ 14. Kb3
Nc6 15. Bd2 Bf5 16. Nf3 Qd6 17. Rad1 O-O-O 18. Bc3 Nd4+ 19. Bxd4 Qb6+ 20. Kc3
Qb4# 0-1

[Event "4NCL Division Four"]
[Site "Daventry, ENG"]
[Date "2023.03.26"]
[Round "8.143"]
[White "Khunda, Deema"]
[Black "Usher, Michael E"]
[Result "0-1"]
[WhiteElo "1486"]
[BlackElo "1786"]
[PlyCount "96"]
[EventDate "2023.03.26"]
[WhiteTeam "She Plays To Win Uni"]
[BlackTeam "Iceni 3"]

1. d4 e6 2. c4 f5 3. a3 Nf6 4. Nc3 Be7 5. Nf3 O-O 6. e3 d6 7. Bd3 b6 8. O-O Bb7
9. Re1 Ne4 10. Bd2 Qe8 11. b4 Qg6 12. Be2 Nd7 13. Qc2 c5 14. Rad1 Rad8 15. d5
e5 16. Nb5 Nxd2 17. Rxd2 e4 18. Nxa7 exf3 19. Bxf3 Ne5 20. Be2 Rde8 21. Rb1 Bc8
22. bxc5 bxc5 23. Qd1 Qf6 24. a4 f4 25. Nxc8 Rxc8 26. exf4 Qxf4 27. Bf1 Rb8 28.
Rc1 Rb4 29. Ra2 Nxc4 30. g3 Qf5 31. Bxc4 Bf6 32. Bd3 Qd7 33. Bb5 Qf7 34. Re2
Bd4 35. Rcc2 Qxd5 36. Qc1 Qf5 37. Rcd2 Rb1 38. Bc4+ Kh8 39. Qf1 Rxf1+ 40. Kxf1
Qb1+ 41. Re1 Qb4 42. Rc2 Qxa4 43. Rec1 g6 44. Ra2 Qb4 45. Kg2 Qb7+ 46. Kg1 Qf3
47. Rf1 d5 48. Be2 Bxf2+ 0-1

[Event "4NCL Division Four"]
[Site "Daventry, ENG"]
[Date "2023.03.26"]
[Round "8.144"]
[White "Jones, Robert L"]
[Black "Agarwal, Aditi"]
[Result "0-1"]
[WhiteElo "1688"]
[BlackElo "1578"]
[PlyCount "140"]
[EventDate "2023.03.26"]
[WhiteTeam "Iceni 3"]
[BlackTeam "She Plays To Win Uni"]

1. e4 d5 2. exd5 Qxd5 3. Nc3 Qa5 4. Nf3 Bf5 5. b4 Qb6 6. Nd5 Qd6 7. Ne3 Be4 8.
a3 e6 9. Bb2 Nd7 10. c4 c5 11. b5 Ne7 12. d3 Bg6 13. h4 h6 14. h5 Bh7 15. Qe2
a6 16. a4 axb5 17. axb5 Rxa1+ 18. Bxa1 Qb6 19. Bc3 Qa7 20. Qb2 Nb6 21. Bxg7 Rg8
22. Bxf8 Kxf8 23. Rh4 Qa5+ 24. Nd2 Nf5 25. Rg4 Rxg4 26. Nxg4 Nd4 27. Nxh6 Na4
28. Qa2 Qc3 29. Qxa4 Qc1+ 30. Qd1 Nc2+ 31. Ke2 Bxd3+ 32. Kxd3 Qxd1 33. Be2 Nb4+
34. Ke3 Qc1 35. Bf3 Qc3+ 36. Ke2 Qd3+ 37. Kd1 b6 38. Ng4 Na2 39. Ne3 Nc3+ 40.
Ke1 Nb1 41. Nxb1 Qxb1+ 42. Bd1 Qb4+ 43. Ke2 Qb2+ 44. Kf3 Qe5 45. g4 Qf6+ 46.
Kg3 e5 47. Nf5 Qg5 48. h6 Kg8 49. Bc2 Qf4+ 50. Kh3 Qxf2 51. Ne7+ Kh8 52. Bf5
Qe3+ 53. Kg2 Qxh6 54. Nd5 Qd2+ 55. Kh3 Qh6+ 56. Kg3 Kg7 57. Kg2 Qd2+ 58. Kf3
Qd1+ 59. Kg3 Qb3+ 60. Kf2 Qxc4 61. Nxb6 Qxb5 62. Nd7 c4 63. Ke1 c3 64. Kd1 Qb2
65. Bc2 Qb5 66. Bf5 Qd5+ 67. Kc2 Qd2+ 68. Kb3 c2 69. Bxc2 Qxd7 70. Bf5 Qd4 0-1

[Event "4NCL Division Four"]
[Site "Daventry, ENG"]
[Date "2023.03.26"]
[Round "8.151"]
[White "Beckett, Richard"]
[Black "Gregory, Keith D F"]
[Result "1/2-1/2"]
[WhiteElo "1638"]
[BlackElo "1976"]
[PlyCount "56"]
[EventDate "2023.03.26"]
[WhiteTeam "Oxford 4"]
[BlackTeam "Wessex Some Stars B"]

1. e4 d6 2. Nf3 Nf6 3. Nc3 e5 4. d4 Nbd7 5. Bc4 h6 6. Be3 Be7 7. Qd2 c6 8. O-O
b5 9. Bd3 a6 10. Ne2 Ng4 11. Ng3 g6 12. c3 Bf6 13. a4 Bb7 14. axb5 cxb5 15.
Rad1 Qc7 16. Bc2 Nxe3 17. Qxe3 Kf8 18. Bb3 Nb6 19. Nd2 Bg5 20. Qf3 Kg7 21. Qd3
Rhd8 22. f4 exf4 23. Ne2 d5 24. e5 Nc4 25. Bxc4 dxc4 26. Qh3 Bc8 27. Qf3 Bb7
28. Qh3 Bc8 1/2-1/2

[Event "4NCL Division Four"]
[Site "Daventry, ENG"]
[Date "2023.03.26"]
[Round "8.152"]
[White "Deacon, David J"]
[Black "Kocan, Barry A"]
[Result "1/2-1/2"]
[WhiteElo "1841"]
[BlackElo "1581"]
[PlyCount "91"]
[EventDate "2023.03.26"]
[WhiteTeam "Wessex Some Stars B"]
[BlackTeam "Oxford 4"]

1. d4 Nf6 2. Nf3 g6 3. g3 Bg7 4. Bg2 d6 5. O-O Nbd7 6. c4 O-O 7. Nc3 Rb8 8. b3
c5 9. Bb2 cxd4 10. Nxd4 a6 11. Qd2 Nc5 12. e4 Bd7 13. Rfe1 e5 14. Nc2 Bc6 15.
Rad1 Ne8 16. Nb4 h6 17. h3 Kh7 18. Kh2 Qd7 19. Ba3 Rd8 20. Nxc6 Qxc6 21. Bxc5
Qxc5 22. Qe3 Qxe3 23. Rxe3 f6 24. Red3 Rc8 25. h4 Rb8 26. a4 f5 27. h5 f4 28.
hxg6+ Kxg6 29. Bh3 Kh7 30. Bf5+ Kh8 31. Bg6 fxg3+ 32. Kxg3 Bf6 33. Bxe8 Rbxe8
34. Rxd6 Bg5 35. R1d2 Rf4 36. R2d3 Bh4+ 37. Kh3 Rg8 38. Nd5 Rxe4 39. Re3 Reg4
40. Rxe5 Bxf2 41. Rh5 Rg3+ 42. Kh2 Rg2+ 43. Kh1 Rg1+ 44. Kh2 R8g2+ 45. Kh3 Rg3+
46. Kh2 1/2-1/2

[Event "4NCL Division Four"]
[Site "Daventry, ENG"]
[Date "2023.03.26"]
[Round "8.153"]
[White "Rumsby, Stephen"]
[Black "Deacon, Nicholas"]
[Result "1-0"]
[WhiteElo "1608"]
[BlackElo "1447"]
[PlyCount "79"]
[EventDate "2023.03.26"]
[WhiteTeam "Oxford 4"]
[BlackTeam "Wessex Some Stars B"]

1. e4 c5 2. Nc3 g6 3. f4 Bg7 4. Nf3 Nc6 5. Bb5 Nd4 6. Bc4 d6 7. Nxd4 cxd4 8.
Ne2 Nf6 9. d3 d5 10. Bb5+ Bd7 11. Bxd7+ Nxd7 12. O-O dxe4 13. dxe4 Nc5 14. e5
d3 15. cxd3 Nxd3 16. Qa4+ Kf8 17. Kh1 Qb6 18. h3 Nxb2 19. Qe4 f5 20. exf6 Bxf6
21. Be3 Qb5 22. Nd4 Qd3 23. Qxb7 Kg7 24. Rae1 Nc4 25. Ne6+ Kf7 26. Bd4 Nd6 27.
Qd5 Qf5 28. Ng5+ Kg7 29. Rxe7+ Kh6 30. Qxd6 Bxe7 31. Qxe7 Rae8 32. Bg7+ Kh5 33.
Qxa7 Qd3 34. Qf2 Re3 35. Bxh8 Rg3 36. Kh2 h6 37. Qxg3 Qxg3+ 38. Kxg3 hxg5 39.
fxg5 Kxg5 40. a4 1-0

[Event "4NCL Division Four"]
[Site "Daventry, ENG"]
[Date "2023.03.26"]
[Round "8.154"]
[White "Spanton, Tim R"]
[Black "Tart, Peter K"]
[Result "0-1"]
[WhiteElo "1976"]
[BlackElo "1863"]
[PlyCount "66"]
[EventDate "2023.03.26"]
[WhiteTeam "Wessex Some Stars B"]
[BlackTeam "Crowthorne B"]

1. e4 e5 2. Nf3 Nf6 3. Nxe5 Nxe4 4. Qe2 Qe7 5. Qxe4 d6 6. d4 dxe5 7. Qxe5 Qxe5+
8. dxe5 Nc6 9. Bf4 Bf5 10. Bb5 Bxc2 11. Nc3 O-O-O 12. O-O Nd4 13. Rac1 Bb4 14.
Bg5 a6 15. Bxd8 axb5 16. Bg5 Bxc3 17. Rxc2 Nxc2 18. bxc3 Na3 19. f4 Kd7 20. Kf2
Nc4 21. Rd1+ Ke6 22. Rd8 Rxd8 23. Bxd8 c6 24. Ke2 Kf5 25. Kf3 Nd2+ 26. Ke3 Nf1+
27. Kf3 Nxh2+ 28. Kg3 Nf1+ 29. Kf2 Nd2 30. Ke3 Nc4+ 31. Kf3 h5 32. Be7 Nb6 33.
Bh4 Nd5 0-1

[Event "4NCL Division Four"]
[Site "Daventry, ENG"]
[Date "2023.03.26"]
[Round "8.155"]
[White "Coates, Christine"]
[Black "Adaway, William"]
[Result "0-1"]
[WhiteElo "1317"]
[BlackElo "1967"]
[PlyCount "42"]
[EventDate "2023.03.26"]
[WhiteTeam "Crowthorne B"]
[BlackTeam "Wessex Some Stars B"]

1. d4 Nf6 2. Bf4 d5 3. Nf3 c6 4. e3 Qb6 5. Qc1 Bf5 6. Nbd2 h6 7. Be2 Nbd7 8. h3
e6 9. O-O Be7 10. c4 O-O 11. c5 Qd8 12. Re1 Ne4 13. a3 f6 14. b4 e5 15. dxe5
fxe5 16. Nxe5 Nxe5 17. Bxe5 Bh4 18. Nxe4 Bxe4 19. Rf1 Qg5 20. Bg3 Bxg3 21. fxg3
Qxg3 0-1

[Event "4NCL Division Four"]
[Site "Daventry, ENG"]
[Date "2023.03.26"]
[Round "8.156"]
[White "Deacon, Matthew"]
[Black "Leadbetter, Scott"]
[Result "1/2-1/2"]
[WhiteElo "1715"]
[BlackElo "1566"]
[PlyCount "66"]
[EventDate "2023.03.26"]
[WhiteTeam "Wessex Some Stars B"]
[BlackTeam "Crowthorne B"]

1. d4 Nf6 2. c4 d6 3. Nc3 Nbd7 4. Nf3 e5 5. dxe5 dxe5 6. g3 Be7 7. Bg2 c6 8.
O-O Qc7 9. Qc2 a5 10. h3 Nb6 11. b3 h6 12. Be3 Be6 13. Rad1 Nfd7 14. Bc1 f5 15.
Bb2 g5 16. e3 Rg8 17. Ne1 e4 18. Ne2 c5 19. Nc3 Ne5 20. Nb5 Qb8 21. g4 Nexc4
22. bxc4 Nxc4 23. gxf5 Nxb2 24. Qxb2 Bc4 25. f6 Bxf6 26. Qxf6 Bxb5 27. Bxe4 Ra6
28. Qf5 Bxf1 29. Qd7+ Kf8 30. Kxf1 Rg7 31. Qf5+ Rf7 32. Qxc5+ Kg7 33. Bg2 Raf6
1/2-1/2

[Event "4NCL Division Four"]
[Site "Daventry, ENG"]
[Date "2023.03.26"]
[Round "8.157"]
[White "Shek, Daniel"]
[Black "Foster, Cyril"]
[Result "1/2-1/2"]
[WhiteElo "1602"]
[BlackElo "1710"]
[PlyCount "114"]
[EventDate "2023.03.26"]
[WhiteTeam "Crowthorne B"]
[BlackTeam "Oxford 4"]

1. c4 c5 2. g3 g6 3. Bg2 Bg7 4. Nc3 Nc6 5. e4 e6 6. Nge2 Nge7 7. d3 O-O 8. O-O
Nd4 9. f4 Nec6 10. Be3 d6 11. Rb1 Rb8 12. Nb5 Nxe2+ 13. Qxe2 a6 14. Nc3 Nd4 15.
Bxd4 Bxd4+ 16. Kh1 b5 17. Qc2 b4 18. Ne2 Bg7 19. Rbd1 Qc7 20. b3 Bb7 21. d4
cxd4 22. Nxd4 d5 23. cxd5 Qb6 24. Qd2 Rfd8 25. Rf3 Bxd4 26. Qxd4 Qxd4 27. Rxd4
a5 28. Rfd3 Rbc8 29. Kg1 Rc1+ 30. Kf2 Rc2+ 31. Rd2 Rxd2+ 32. Rxd2 exd5 33. exd5
Kf8 34. Ke3 Ke8 35. Kd4 Rc8 36. Re2+ Kd7 37. Bh3+ f5 38. g4 Rc3 39. Re3 Rxe3
40. Kxe3 fxg4 41. Bxg4+ Kd6 42. Bf3 Bxd5 43. Bxd5 Kxd5 44. Kd3 h6 45. Ke3 Ke6
46. Kd4 Kf5 47. Kc5 Kxf4 48. Kb5 g5 49. Kxa5 g4 50. Kxb4 h5 51. a4 h4 52. a5 g3
53. hxg3+ hxg3 54. a6 g2 55. a7 g1=Q 56. a8=Q Qd4+ 57. Ka5 Qc3+ 1/2-1/2

[Event "4NCL Division Four"]
[Site "Daventry, ENG"]
[Date "2023.03.26"]
[Round "8.158"]
[White "Tringali, Alessandro"]
[Black "Haslehurst, Harriet"]
[Result "0-1"]
[WhiteElo "1664"]
[BlackElo "1502"]
[PlyCount "56"]
[EventDate "2023.03.26"]
[WhiteTeam "Oxford 4"]
[BlackTeam "Crowthorne B"]

1. e4 e5 2. Nf3 Nf6 3. Nc3 Nc6 4. Bb5 Bb4 5. O-O O-O 6. d3 h6 7. Bxc6 bxc6 8.
Nxe5 Bb7 9. Bd2 Bxc3 10. Bxc3 d5 11. Ng4 d4 12. Nxf6+ Qxf6 13. Bb4 Rfe8 14. f4
Rab8 15. e5 Qe6 16. c3 Qd5 17. c4 Qd7 18. Bc5 Bc8 19. Bxa7 Rxb2 20. Rf2 Rxf2
21. Kxf2 Re6 22. Bc5 Rg6 23. Qf3 f6 24. Qe4 Qg4 25. g3 fxe5 26. Qxe5 Re6 27.
Qxd4 Re2+ 28. Kf1 Qf3+ 0-1

[Event "4NCL Division Four"]
[Site "Daventry, ENG"]
[Date "2023.03.26"]
[Round "8.159"]
[White "Shek, Kim"]
[Black "Kovalyova, Taisiya"]
[Result "1/2-1/2"]
[WhiteElo "1069"]
[BlackElo "1351"]
[PlyCount "67"]
[EventDate "2023.03.26"]
[WhiteTeam "Crowthorne B"]
[BlackTeam "Oxford 4"]

1. c4 Nf6 2. Nc3 c6 3. d4 d5 4. e3 e6 5. Nf3 Bb4 6. Bd2 O-O 7. Bd3 dxc4 8. Bxc4
c5 9. Ne2 Bxd2+ 10. Qxd2 Ne4 11. Qc2 Qa5+ 12. Nc3 Nxc3 13. Qxc3 Qxc3+ 14. bxc3
Nd7 15. O-O a6 16. a4 Nb6 17. Nd2 Bd7 18. Bb3 Rac8 19. Rfc1 c4 20. Bd1 Nd5 21.
Bf3 Rfe8 22. Ne4 Rc6 23. Nc5 Rc7 24. Bxd5 exd5 25. Nxd7 Rxd7 26. Rcb1 Re6 27.
a5 Kf8 28. Rb2 Ke8 29. Rab1 Ke7 30. Kf1 f5 31. Ke2 f4 32. g3 fxe3 33. fxe3 Kf7
34. Rb6 1/2-1/2

[Event "4NCL Division Four"]
[Site "Warwick, ENG"]
[Date "2023.04.29"]
[Round "9.11"]
[White "Vachtfeidl, Petr"]
[Black "Garcia Hernandez, Oscar"]
[Result "1-0"]
[WhiteElo "1887"]
[BlackElo "2072"]
[PlyCount "83"]
[EventDate "2023.04.29"]
[WhiteTeam "CSC/Kingston 2"]
[BlackTeam "Poole Patzers"]

1. d4 d5 2. c4 e6 3. Nc3 c5 4. cxd5 exd5 5. Nf3 Nf6 6. Bg5 Be7 7. e3 c4 8. Ne5
O-O 9. Be2 Nc6 10. O-O h6 11. Bh4 Be6 12. Nxc6 bxc6 13. b3 Qa5 14. Qc2 Rac8 15.
Na4 g5 16. Bg3 Ne4 17. bxc4 Bf5 18. Qd1 Nd2 19. Re1 Ba3 20. c5 Rfe8 21. h3 Rcd8
22. Bc7 Qxc7 23. Qxd2 Rb8 24. Bd3 Bb4 25. Nc3 Qa5 26. Rec1 Bxd3 27. Qxd3 Qa3
28. Qc2 Qa6 29. Ne2 Ba3 30. Rcb1 Qc4 31. Qxc4 dxc4 32. Rxb8 Rxb8 33. Kf1 a5 34.
Nc3 Rb2 35. Rb1 Rc2 36. d5 cxd5 37. c6 Bd6 38. Nxd5 c3 39. c7 Bxc7 40. Nxc7
Rxa2 41. Rc1 c2 42. Ke2 1-0

[Event "4NCL Division Four"]
[Site "Warwick, ENG"]
[Date "2023.04.29"]
[Round "9.12"]
[White "Stanciu, Ciprian"]
[Black "Eckert, Jonathan"]
[Result "1-0"]
[WhiteElo "1998"]
[BlackElo "1687"]
[PlyCount "47"]
[EventDate "2023.04.29"]
[WhiteTeam "Poole Patzers"]
[BlackTeam "CSC/Kingston 2"]

1. d4 f5 2. Bf4 Nf6 3. Nf3 e6 4. h3 d6 5. e3 Qe7 6. c3 Nc6 7. Bg5 e5 8. Bc4 Bd7
9. a4 h6 10. Nh4 Rh7 11. Bxf6 gxf6 12. Qh5+ Kd8 13. d5 Na5 14. Ba2 b6 15. b4
Nb7 16. Nxf5 Qf7 17. Ng3 a5 18. Bb3 f5 19. Qxf7 Rxf7 20. Ne2 Rg7 21. g3 c5 22.
b5 Rc8 23. Nd2 Ke7 24. Nc4 1-0

[Event "4NCL Division Four"]
[Site "Warwick, ENG"]
[Date "2023.04.29"]
[Round "9.13"]
[White "Grey, Nicholas D"]
[Black "Weatherlake, John P"]
[Result "0-1"]
[WhiteElo "1717"]
[BlackElo "2032"]
[PlyCount "104"]
[EventDate "2023.04.29"]
[WhiteTeam "CSC/Kingston 2"]
[BlackTeam "Poole Patzers"]

1. e4 c5 2. c3 Nf6 3. e5 Nd5 4. d4 cxd4 5. cxd4 d6 6. Bc4 e6 7. Nf3 Nc6 8. O-O
Be7 9. Nc3 Nxc3 10. bxc3 dxe5 11. dxe5 Qxd1 12. Rxd1 Bd7 13. Rb1 Na5 14. Bb5
Bxb5 15. Rxb5 b6 16. Be3 Ba3 17. Ng5 h6 18. Ne4 Ke7 19. f4 Rac8 20. Bd4 Rhd8
21. Rbb1 Rc4 22. Nd2 Ra4 23. g3 Nc6 24. Nb3 Nxd4 25. cxd4 Bb4 26. Rb2 Bc3 27.
Rc2 Bxd4+ 28. Nxd4 Raxd4 29. Rc7+ R8d7 30. Rxd4 Rxc7 31. a4 Rc5 32. h3 Rd5 33.
Rc4 Kd7 34. Kf2 Rd3 35. h4 h5 36. Kg2 f6 37. Re4 fxe5 38. Rxe5 Rd5 39. Re4 Kd6
40. Kf3 Rd3+ 41. Kf2 a5 42. Re5 Rd5 43. Re4 Rc5 44. Rd4+ Ke7 45. Kf3 Rc3+ 46.
Kf2 Rb3 47. Re4 g6 48. Rc4 Kf6 49. Re4 b5 50. Re5 bxa4 51. Rxa5 a3 52. Kg2 Ke7
0-1

[Event "4NCL Division Four"]
[Site "Warwick, ENG"]
[Date "2023.04.29"]
[Round "9.14"]
[White "Smith, Richard"]
[Black "Denning, Julie L"]
[Result "1-0"]
[WhiteElo "1921"]
[BlackElo "1617"]
[PlyCount "71"]
[EventDate "2023.04.29"]
[WhiteTeam "Poole Patzers"]
[BlackTeam "CSC/Kingston 2"]

1. e4 e5 2. Nf3 Nc6 3. Bb5 a6 4. Ba4 Nf6 5. O-O b5 6. Bb3 Bb7 7. c3 Be7 8. Re1
O-O 9. d4 d6 10. Nbd2 Ne8 11. Nf1 Bf6 12. Ng3 Na5 13. Bc2 Nc4 14. Nh5 g6 15.
Nxf6+ Nxf6 16. b3 Nb6 17. Bg5 Qe7 18. Rb1 Nbd7 19. Nd2 Kg7 20. Nf1 Qe8 21. Ng3
h6 22. Bd2 Rh8 23. f4 c5 24. fxe5 dxe5 25. d5 Rc8 26. Rf1 c4 27. b4 Qd8 28. Be3
Nf8 29. Qf3 N8h7 30. h4 Qd7 31. Bd1 h5 32. Bg5 Nxg5 33. Qxf6+ Kg8 34. Qxg5 Kh7
35. Bxh5 gxh5 36. Nxh5 1-0

[Event "4NCL Division Four"]
[Site "Warwick, ENG"]
[Date "2023.04.29"]
[Round "9.15"]
[White "Cresswell, Mike J"]
[Black "Clancy, Martin J"]
[Result "0-1"]
[WhiteElo "1590"]
[BlackElo "1812"]
[PlyCount "90"]
[EventDate "2023.04.29"]
[WhiteTeam "CSC/Kingston 2"]
[BlackTeam "Poole Patzers"]

1. e4 c5 2. Nf3 d6 3. d4 cxd4 4. Nxd4 Nf6 5. Nc3 a6 6. Be2 g6 7. Nf3 Nc6 8. a3
Bg7 9. O-O b5 10. h3 Bb7 11. Re1 O-O 12. Bf1 Nd7 13. Bd2 Rc8 14. Rb1 Na5 15.
Nd5 Nc4 16. Bxc4 Rxc4 17. Nc3 Re8 18. Nh2 Nf6 19. f3 Qc7 20. Ng4 Nxg4 21. hxg4
Bd4+ 22. Kf1 d5 23. exd5 Qh2 24. Be3 Qh1+ 25. Kf2 Qh4+ 26. Kf1 Bxc3 27. bxc3
Rd8 28. Qc1 Rxd5 29. Bd4 Rd7 30. Qf4 f6 31. Qe3 e5 32. Rb4 Bd5 33. Qf2 Qxf2+
34. Bxf2 Rxc3 35. a4 Bc4+ 36. Kg1 Rxc2 37. Be3 a5 38. Rbb1 b4 39. Red1 Rxd1+
40. Rxd1 Ra2 41. Bh6 Kf7 42. Rd7+ Ke6 43. Rxh7 b3 44. Rb7 b2 45. Kh2 Bd3 0-1

[Event "4NCL Division Four"]
[Site "Warwick, ENG"]
[Date "2023.04.29"]
[Round "9.16"]
[White "Popovic, Dragi"]
[Black "Sloan, Hamish"]
[Result "1-0"]
[WhiteElo "1705"]
[BlackElo "1521"]
[PlyCount "96"]
[EventDate "2023.04.29"]
[WhiteTeam "Poole Patzers"]
[BlackTeam "CSC/Kingston 2"]

1. d3 d5 2. c3 c5 3. Qc2 Nc6 4. Nf3 Nf6 5. g3 e6 6. Bg2 Be7 7. O-O O-O 8. Nbd2
Bd7 9. e4 dxe4 10. dxe4 Qc7 11. a3 b6 12. h3 h6 13. Nh2 e5 14. Nc4 Be6 15. Ne3
Rad8 16. c4 Nd4 17. Qd1 Nf5 18. Nd5 Nxd5 19. cxd5 Nd4 20. dxe6 Nxe6 21. Qg4 Kh8
22. Qh5 Bg5 23. Bxg5 Nxg5 24. h4 Nh7 25. Ng4 f6 26. Ne3 Qf7 27. Qf3 Rd3 28.
Rfd1 Rfd8 29. Rxd3 Rxd3 30. Rd1 Qb3 31. Rxd3 Qxd3 32. Bf1 Qb1 33. Qd1 Qxd1 34.
Nxd1 Kg8 35. Nc3 Kf7 36. Nb5 a6 37. Nc7 Ke7 38. Nd5+ Kd6 39. Nxb6 Kc6 40. Na4
a5 41. Nc3 Nf8 42. Bc4 Nd7 43. Bb5+ Kd6 44. Bxd7 Kxd7 45. Kf1 Ke6 46. Ke2 f5
47. Ke3 g5 48. hxg5 hxg5 1-0

[Event "4NCL Division Four"]
[Site "Warwick, ENG"]
[Date "2023.04.29"]
[Round "9.21"]
[White "Geue, Niklas"]
[Black "Robson, Ian A"]
[Result "1/2-1/2"]
[WhiteElo "2142"]
[BlackElo "2231"]
[PlyCount "78"]
[EventDate "2023.04.29"]
[WhiteTeam "Average Wood Pushers A"]
[BlackTeam "Wotton Hall"]

1. d4 d5 2. c4 e6 3. Nf3 Nf6 4. g3 Be7 5. Bg2 O-O 6. O-O dxc4 7. Qc2 a6 8. a4
Bd7 9. Qxc4 Bc6 10. Bf4 Nbd7 11. Nc3 Rc8 12. Qd3 Bb4 13. Rfe1 Bxc3 14. bxc3 Be4
15. Qd2 c5 16. Ne5 Bxg2 17. Kxg2 Nd5 18. Bg5 f6 19. Nxd7 Qxd7 20. Be3 Nxe3+ 21.
Qxe3 cxd4 22. cxd4 Rc5 23. Red1 Rd8 24. a5 Qd5+ 25. f3 Rd7 26. Rac1 Rxc1 27.
Rxc1 Kf7 28. Rc5 Qxd4 29. Qxd4 Rxd4 30. Rc7+ Kg6 31. Rxb7 Rd5 32. Rb6 Rxa5 33.
Rxe6 Ra1 34. e4 a5 35. Ra6 h5 36. e5 Kf7 37. Ra7+ Kg6 38. e6 a4 39. e7 Re1
1/2-1/2

[Event "4NCL Division Four"]
[Site "Warwick, ENG"]
[Date "2023.04.29"]
[Round "9.22"]
[White "Stewart, Joseph J"]
[Black "Rawlinson, Aidan M"]
[Result "0-1"]
[WhiteElo "2206"]
[BlackElo "2180"]
[PlyCount "60"]
[EventDate "2023.04.29"]
[WhiteTeam "Wotton Hall"]
[BlackTeam "Average Wood Pushers A"]

1. e4 g6 2. d4 Bg7 3. Bc4 d6 4. Nf3 Nf6 5. Qe2 O-O 6. O-O Bg4 7. h3 Bxf3 8.
Qxf3 Nc6 9. c3 e5 10. Rd1 Nd7 11. Be3 Kh8 12. Bb5 f5 13. exf5 gxf5 14. Bxc6
bxc6 15. Qxc6 f4 16. Bc1 f3 17. g3 Qe8 18. Qc4 exd4 19. cxd4 Qh5 20. Qf1 Rae8
21. Nc3 c5 22. Be3 Qg6 23. Qd3 Qh5 24. Qf1 Rg8 25. dxc5 Bxc3 26. Bd4+ Bxd4 27.
Rxd4 Nxc5 28. Rxd6 Ne4 29. Rd7 Nxg3 30. Qc4 Nf1+ 0-1